[Event "Eger"]
[Site "Eger"]
[Date "1994.??.??"]
[Round "2"]
[White "Szabolcsi, Janos"]
[Black "Borne, Niels"]
[Result "1-0"]
[WhiteElo "2450"]
[BlackElo "2290"]

1.d4 Nf6 2.c4 e6 3.Nf3 Bb4+ 4.Nbd2 b6 5.a3 Bxd2+ 6.Qxd2 Bb7 7.g3 O-O 8.Bg2 d6
9.O-O c5 10.Rd1 Nbd7 11.b3 Qc7 12.Bb2 Rad8 13.dxc5 dxc5 14.Qg5 h6 15.Qh4 Nh7
16.Qf4 Qxf4 17.gxf4 Ndf6 18.Ne5 Ne4 19.Nd7 Rfe8 20.Rd3 Ba8 21.Rad1 Rc8 22.Ne5 Nf8
23.Nd7 Ng6 24.e3 Nf8 25.f3 Nxd7 26.Rxd7 Nf6 27.Bxf6 gxf6 28.Rxa7 Rcd8 29.Rdd7  1-0

[Event "Eger"]
[Site "Eger"]
[Date "1994.??.??"]
[Round "6"]
[White "Kiss, Pal"]
[Black "Borne, Niels"]
[Result "0-1"]
[WhiteElo "2445"]
[BlackElo "2290"]

1.d4 Nf6 2.c4 e6 3.Nf3 Bb4+ 4.Nbd2 b6 5.a3 Bxd2+ 6.Bxd2 Bb7 7.Bg5 d6 8.e3 Nbd7
9.Bh4 h6 10.Nd2 Qe7 11.f3 c5 12.Bd3 O-O 13.O-O d5 14.cxd5 exd5 15.Re1 Qe6
16.Qc2 Rfe8 17.Rac1 g6 18.Bb5 Rec8 19.Qa4 a6 20.Bxd7 Nxd7 21.dxc5 bxc5 22.e4 d4
23.Nc4 Nb6 24.Qb3 Rc6 25.Qd3 Nxc4 26.Qxc4 Rac8 27.Bf2 a5 28.Qa4 Rb6 29.Re2 Qa2
30.Bxd4 cxd4 31.Rxc8+ Bxc8 32.Qe8+ Kh7 33.Qxc8 d3 34.Rd2 Rxb2 35.Rxb2 Qxb2
36.Qd7 d2 37.Qxf7+ Qg7  0-1

[Event "RUS-ch"]
[Site "Elista"]
[Date "1994.??.??"]
[Round "2"]
[White "Yakovich, Yuri"]
[Black "Karpeshov, Oleg"]
[Result "1-0"]
[WhiteElo "2515"]
[BlackElo "2440"]

1.d4 Nf6 2.c4 e6 3.Nf3 Bb4+ 4.Nbd2 b6 5.a3 Bxd2+ 6.Qxd2 Bb7 7.e3 O-O 8.Be2 d6
9.O-O Nbd7 10.b4 Qe7 11.Bb2 a6 12.Qc2 c5 13.Rfd1 Rfc8 14.Qd2 Ne4 15.Qe1 d5
16.dxc5 bxc5 17.Nd2 Nd6 18.Rac1 a5 19.cxd5 axb4 20.dxe6 Qxe6 21.axb4 c4 22.Nf3 Nb6
23.Bd4 Na4 24.b5 Nxb5 25.Qb4 Nxd4 26.Nxd4 Qb6 27.Qxb6 Nxb6 28.Rb1 Ra6 29.Nf5 Kf8
30.Nd6 Rb8 31.Bxc4 Nxc4 32.Nxc4 Raa8 33.Nb6 Be4 34.Nd7+ Ke7 35.Rxb8  1-0

[Event "RUS-ch"]
[Site "Elista"]
[Date "1994.??.??"]
[Round "2"]
[White "Burmakin, Vladimir"]
[Black "Orlov, Vassily"]
[Result "1-0"]
[WhiteElo "2555"]
[BlackElo "2350"]

1.d4 Nf6 2.c4 e6 3.Nf3 Bb4+ 4.Nbd2 O-O 5.a3 Bxd2+ 6.Bxd2 Ne4 7.Bf4 d6 8.Qc2 f5
9.h3 Nd7 10.e3 Qe8 11.Be2 b6 12.b4 Bb7 13.O-O Qe7 14.Rac1 e5 15.Bh2 Ng5 16.d5 Nxf3+
17.Bxf3 Bc8 18.Qa2 a5 19.Qb3 Kh8 20.c5 bxc5 21.bxc5 Ba6 22.cxd6 cxd6 23.Rfe1 Rfc8
24.Rc6 Nc5 25.Qc3 a4 26.Rc1 Bb7 27.Rxc8+ Rxc8 28.Qa5 h6 29.Qb6 Ba6 30.Bd1 Ra8
31.Bc2 Qf6 32.Bb1 f4 33.exf4 exf4 34.Qb4 Rf8 35.Qd2 f3 36.Rd1 fxg2 37.Bg3 Bc4
38.Qc2 Bd3 39.Rxd3 Nxd3 40.Qxd3 Kg8 41.Kxg2 Rc8 42.Qf5  1-0

[Event "RUS-ch"]
[Site "Elista"]
[Date "1994.??.??"]
[Round "5"]
[White "Ionov, Sergey"]
[Black "Khasin, Alexander"]
[Result "1/2-1/2"]
[WhiteElo "2530"]
[BlackElo "2470"]

1.d4 Nf6 2.c4 e6 3.Nf3 Bb4+ 4.Nbd2 c5 5.e3 Bxd2+ 6.Bxd2 d6 7.Qc2 Nbd7 8.e4 Qc7
9.Be2 O-O 10.O-O Re8 11.Rfe1 e5 12.d5 Nf8 13.Nh4 Ng6 14.Nxg6 fxg6 15.b4 h6
16.Rab1  1/2-1/2

[Event "RUS-ch"]
[Site "Elista"]
[Date "1994.??.??"]
[Round "6"]
[White "Yakovich, Yuri"]
[Black "Ulibin, Mikhail"]
[Result "1/2-1/2"]
[WhiteElo "2515"]
[BlackElo "2510"]

1.d4 e6 2.c4 Nf6 3.Nf3 Bb4+ 4.Nbd2 b6 5.a3 Bxd2+ 6.Qxd2 Bb7 7.e3 O-O 8.Be2 d6
9.O-O Nbd7 10.b4 Qe7 11.Bb2 c5 12.Rfd1 Ne4 13.Qe1 Rfc8 14.Nd2 Nef6 15.Nb3 cxd4
16.exd4 Rc7 17.Bf1 Qf8 18.a4 Re8 19.Rdc1 e5 20.d5 Rec8 21.f3 Re8 22.Qf2 Nh5
23.a5 f5 24.a6 Ba8 25.b5 f4 26.Ba3 g5 27.Nd2 Ndf6 28.Be2 Ng7 29.Ne4 Nxe4
30.fxe4 h5 31.h3 h4 32.Bg4 Rd8 33.Qf3 Qf6 34.Bb4 Kh7 35.Kf2 Kh6 36.Ke2 Qe7
37.Kd3 Rf8 38.Rh1 Kh7 39.Raf1 Kg8 40.Kc3 Qf6 41.Kb3 Rff7 42.Rd1 Rf8 43.Rhf1 Qg6
44.Rd2 Rd8 45.Re1 Rf7 46.Qd1 Re7 47.Qa1 Kh8 48.Qa3 Rf7 49.Kc2 Re7 50.Kd1 Kg8
51.Ree2 Kh8 52.Ke1 Kg8 53.Kf2 Kh7  1/2-1/2

[Event "RUS-ch"]
[Site "Elista"]
[Date "1994.??.??"]
[Round "10"]
[White "Burmakin, Vladimir"]
[Black "Ulibin, Mikhail"]
[Result "1/2-1/2"]
[WhiteElo "2555"]
[BlackElo "2510"]

1.d4 e6 2.Nf3 Nf6 3.c4 Bb4+ 4.Nbd2 b6 5.a3 Bxd2+ 6.Bxd2 Bb7 7.Bg5 h6 8.Bh4 d6
9.e3 Nbd7 10.Be2 g5 11.Bg3 h5 12.h3 Rg8 13.Qc2 Qe7 14.d5 h4 15.Bh2 e5 16.b4 Rg7
17.Nd2 Kf8 18.e4 c5 19.Nf1 Ng8 20.Ne3 Nh6 21.b5 Nf6 22.a4  1/2-1/2

[Event "Petrosian mem"]
[Site "Erevan"]
[Date "1994.??.??"]
[Round "?"]
[White "Petrosian, Arshak B"]
[Black "Taimanov, Mark E"]
[Result "1-0"]
[WhiteElo "2455"]
[BlackElo "2505"]

1.d4 Nf6 2.c4 e6 3.Nf3 Bb4+ 4.Nbd2 O-O 5.e3 d6 6.Bd3 Qe7 7.O-O e5 8.a3 Bxd2
9.Nxd2 Bg4 10.f3 Bh5 11.Qe1 exd4 12.exd4 Qxe1 13.Rxe1 Nc6 14.d5 Ne5 15.Bf1 a5
16.b3 Rfe8 17.Bb2 Nfd7 18.f4 Ng6 19.h3 f5 20.g3 Nc5 21.Kf2 Nf8 22.Rxe8 Rxe8
23.b4 axb4 24.axb4 Na6 25.Bc3 Nd7 26.Bd3 Nf6 27.Bxf6 Nxb4 28.Bf1 gxf6 29.Rb1 Na6
30.Rxb7 Nc5 31.Rxc7 Ra8 32.Rc6 Ra2 33.Ke3 Kf8 34.Rxd6 Rxd2 35.Rxf6+ Ke7 36.Rxf5 Rd1
37.Rxh5 Rxf1 38.Rxh7+ Kf6 39.Rh6+ Ke7 40.g4 Rc1 41.Rc6 Rxc4 42.h4 Rc1 43.h5 Re1+
44.Kd2 Re4 45.Rxc5 Rxf4 46.g5 Kd6 47.Ke3 Rh4 48.Rc6+ Kxd5 49.Rh6 Ke5 50.g6 Rh3+
51.Kf2 Rh2+ 52.Kg1 Rh4 53.Kg2 Kf6 54.Rh7 Rg4+ 55.Kh3 Rg1 56.Kh4 Rh1+ 57.Kg4 Rg1+
58.Kf4 Rf1+ 59.Kg3 Rg1+ 60.Kf2 Rh1 61.Rf7+ Ke6 62.Rf8 Rxh5 63.g7 Rg5 64.g8=Q+ Rxg8
65.Rxg8  1-0

[Event "ITA-ch53"]
[Site "Filettino"]
[Date "1994.??.??"]
[Round "6"]
[White "Passerotti, Pierluigi"]
[Black "Contin, Daniel"]
[Result "0-1"]
[WhiteElo "2330"]
[BlackElo "2420"]

1.d4 Nf6 2.c4 e6 3.Nf3 Bb4+ 4.Nbd2 b6 5.a3 Bxd2+ 6.Qxd2 Bb7 7.e3 Ne4 8.Qc2 O-O
9.b3 f5 10.Bb2 c5 11.Bd3 d6 12.O-O Nd7 13.Nd2 Nxd2 14.Qxd2 Qg5 15.f3 cxd4
16.Bxd4 e5 17.Bc3 Nc5 18.Bc2 Rad8 19.b4 Ne6 20.Bb3 f4 21.Rae1 fxe3 22.Rxe3 Nf4
23.Ree1 Kh8 24.Kh1 Qh5 25.Re3 Rf5 26.Bc2 Rg5 27.Rf2 b5 28.Be4 Bxe4 29.Rxe4 bxc4
30.Rxc4 d5 31.g3 Qg6 32.Rf1 Qa6 33.gxf4 Qxc4  0-1

[Event "FIN-chT"]
[Site "?"]
[Date "1994.??.??"]
[Round "?"]
[White "Issakainen, Ari"]
[Black "Lehtivaara, Petri"]
[Result "0-1"]
[WhiteElo "2260"]
[BlackElo "2275"]

1.d4 e6 2.c4 Nf6 3.Nf3 Bb4+ 4.Nbd2 b6 5.a3 Bxd2+ 6.Bxd2 Bb7 7.Bg5 d6 8.e3 Nbd7
9.Qc2 h6 10.Bh4 Qe7 11.Rd1 g5 12.Bg3 Ne4 13.Bd3 Ndf6 14.O-O O-O-O 15.b4 Kb8
16.Be5 g4 17.Bxf6 Nxf6 18.Nd2 c5 19.Nb3 Nd7 20.bxc5 dxc5 21.a4 f5 22.a5 h5
23.Rb1 Qd6 24.Rfd1 h4 25.a6 Ba8 26.d5 exd5 27.Bxf5 Ne5 28.cxd5 h3 29.g3 Bxd5
30.e4 Bxb3 31.Qxb3 Qc7 32.Rd5 c4 33.Qb5 Rxd5 34.exd5 Rf8 35.Be4 c3 36.Qb4 Qf7
37.Qd4 Nf3+ 38.Bxf3 Qxf3 39.Kf1 Qh1+ 40.Ke2 Qxb1 41.Qe5+ Ka8 42.Qe7 Qc2+  0-1

[Event "FRA-chT "]
[Site "FRA"]
[Date "1994.??.??"]
[Round "8"]
[White "Levacic, Damir"]
[Black "Letreguilly, Olivier"]
[Result "1/2-1/2"]
[WhiteElo "2330"]
[BlackElo "2315"]

1.d4 Nf6 2.Nf3 e6 3.c4 Bb4+ 4.Nbd2 O-O 5.a3 Bxd2+ 6.Bxd2 b6 7.Bg5 h6 8.Bh4 Bb7
9.e3 d6 10.Bd3 Nbd7 11.O-O c5 12.b4 Qc7 13.Nd2 e5 14.d5 cxb4 15.axb4 a5 16.bxa5 bxa5
17.f4 Rfe8 18.Bc2 Qb6 19.Bf2 e4 20.Ba4 Rec8 21.Rb1 Qa7 22.Bxd7 Nxd7 23.Nxe4 Rxc4
24.Nxd6 Rb4 25.e4 Qb8 26.Nxb7 Qxb7 27.Qd3 Nf6 28.Bd4 Qe7 29.Rbe1 Rc8 30.Qa6 Rc2
31.d6 Qe6 32.Qd3 Qxd6 33.Qxc2 Qxd4+ 34.Kh1 Nxe4 35.Qc8+ Kh7 36.Qf5+ Kg8 37.Qc8+ Kh7
38.Qf5+ Kg8 39.Qxa5 Ra4 40.Qe5 Nf2+ 41.Rxf2  1/2-1/2

[Event "Peer Gynt"]
[Site "Gausdal"]
[Date "1994.??.??"]
[Round "4"]
[White "Poluljahov, Aleksandr"]
[Black "Schmittdiel, Eckhard"]
[Result "0-1"]
[WhiteElo "2485"]
[BlackElo "2495"]

1.d4 e6 2.c4 Nf6 3.Nf3 Bb4+ 4.Nbd2 O-O 5.g3 b6 6.Bg2 Bb7 7.O-O Re8 8.Qc2 d5
9.Rd1 Nbd7 10.Ne5 c5 11.cxd5 exd5 12.Ndf3 Rc8 13.Qa4 Nxe5 14.dxe5 Bc6 15.Qc2 Ne4
16.Bh3 Rc7 17.a3 Ba5 18.Bf4 Bb7 19.Bf5 Qe7 20.Bxe4 dxe4 21.Ng5 h6 22.e6 hxg5
23.Bxc7 Qxe6 24.b4 e3 25.f3 g4 26.Rd8 Rxd8 27.Bxd8 gxf3 28.exf3 cxb4 29.axb4 Bxb4
30.Qe2 Bxf3 31.Qxf3 e2 32.Kg2 e1=Q 33.Rxe1 Bxe1 34.Qa8 Kh7 35.Kf1 Bc3 36.Qxa7 Qc4+  0-1

[Event "Arnold Cup"]
[Site "Gausdal"]
[Date "1994.??.??"]
[Round "4"]
[White "Bellin, Jana"]
[Black "Reeh, Oliver"]
[Result "0-1"]
[WhiteElo "2195"]
[BlackElo "2430"]

1.d4 Nf6 2.c4 e6 3.Nf3 Bb4+ 4.Nbd2 b6 5.e3 Bb7 6.Bd3 c5 7.a3 Bxd2+ 8.Bxd2 d6
9.O-O O-O 10.Qe2 Ne4 11.Rad1 f5 12.Be1 Qe7 13.Nd2 Nf6 14.dxc5 bxc5 15.e4 Nc6
16.exf5 Nd4 17.Qe3 Ng4 18.Qh3 exf5 19.Bb1 Ne2+  0-1

[Event "Geneve op"]
[Site "Geneve"]
[Date "1994.??.??"]
[Round "3"]
[White "Plesec, Damjan"]
[Black "Arikok, Enis"]
[Result "0-1"]
[WhiteElo "2325"]
[BlackElo "2200"]

1.d4 Nf6 2.Nf3 e6 3.c4 Bb4+ 4.Nbd2 O-O 5.a3 Be7 6.e3 c5 7.dxc5 Bxc5 8.b4 Be7
9.Bb2 b6 10.Bd3 d6 11.O-O Bb7 12.Rc1 Nbd7 13.Bb1 Rc8 14.Qe2 Rc7 15.Qd3 Qa8
16.Rfd1 Rd8 17.h3 g6 18.e4 Nh5 19.Qe3 e5 20.Kh2 Nf4 21.g3 Ne6 22.Bd3 Kg7
23.Rg1 h6 24.Rce1 Bg5 25.Nxg5 hxg5 26.f4 f6 27.f5 Nd4 28.Bxd4 exd4 29.Qxd4 Ne5
30.fxg6 Qc8 31.Rgf1 Rh8 32.Rf5 Ng4+ 33.Kg1 Rxh3 34.Kf1 Rh2 35.Nf3 Qxf5 36.exf5 Bxf3
37.Re6 Rh1+ 38.Qg1 Rxg1+ 39.Kxg1 Ne5 40.Bb1 Nxc4 41.Kf2  0-1

[Event "Geneve op"]
[Site "Geneve"]
[Date "1994.??.??"]
[Round "6"]
[White "Ptaschinski, Dirk"]
[Black "Berset, Philippe"]
[Result "1-0"]
[WhiteElo "2210"]
[BlackElo "2235"]

1.d4 Nf6 2.Nf3 e6 3.c4 Bb4+ 4.Nbd2 b6 5.a3 Bxd2+ 6.Qxd2 Bb7 7.e3 d6 8.b3 Nbd7
9.Bb2 O-O 10.Bd3 c5 11.O-O Rc8 12.Rfd1 cxd4 13.Nxd4 e5 14.Nb5 Nc5 15.Nxd6 Nxb3
16.Nxb7 Qc7 17.Qb4 Nxa1 18.Nd6 Rcd8 19.Nb5 Qd7 20.Bxh7+ Nxh7 21.Rxd7 Rxd7
22.h3 f6 23.Kh2 Nc2 24.Qc3 a6 25.Qxc2 axb5 26.cxb5 Rfd8 27.Qc4+ Kh8 28.Bc3 Rd5
29.Bb4 Ng5 30.a4 f5 31.Be7  1-0

[Event "BL2-S9394"]
[Site "Germany"]
[Date "1994.??.??"]
[Round "?"]
[White "Bachmayr, Peter"]
[Black "Stobik, Dietrich"]
[Result "0-1"]
[WhiteElo "2270"]
[BlackElo "2310"]

1.d4 Nf6 2.Nf3 e6 3.c4 Bb4+ 4.Nbd2 O-O 5.e3 d5 6.Bd3 dxc4 7.Bxc4 b6 8.O-O Bb7
9.Qe2 Ne4 10.Nxe4 Bxe4 11.Bd2 Bd6 12.Bc3 Nd7 13.Nd2 Bd5 14.e4 Bb7 15.e5 Be7
16.Rad1 a6 17.a4 Re8 18.f4 Nf8 19.f5 Bd5 20.Bxd5 exd5 21.Qg4 Nd7 22.f6 Bf8
23.Nf3 g6 24.Rd3 c5 25.Ng5 cxd4 26.e6 Ne5 27.Qh3 h6 28.Bxd4 hxg5 29.Bxe5 Rxe6
30.Bd4 Bc5 31.Qh6 Rxf6 32.Rfd1 Bxd4+ 33.Rxd4 Rf5 34.Qh3 Qe7 35.Qd3 Re8 36.h3 Qe2
37.Rd2 Qe1+ 38.Kh2 Re3  0-1

[Event "BL2-S9394"]
[Site "Germany"]
[Date "1994.??.??"]
[Round "?"]
[White "Klebel, Martin"]
[Black "Horvath, Tamas"]
[Result "1/2-1/2"]
[WhiteElo "2420"]
[BlackElo "2475"]

1.d4 Nf6 2.c4 e6 3.Nf3 Bb4+ 4.Nbd2 b6 5.a3 Bxd2+ 6.Qxd2 Bb7 7.e3 d6 8.Bd3 Nbd7
9.O-O O-O 10.Qc2 e5 11.e4 Re8 12.Re1 Nf8 13.d5 c6 14.b4 cxd5 15.cxd5 Rc8
16.Qa4 a6 17.Bg5 h6 18.Bd2 b5 19.Qb3 Bxd5 20.exd5 e4 21.Nh4 exd3 22.Qxd3 Ne4
23.Rxe4 Rxe4 24.Qxe4 Rc4 25.Qd3 Qxh4 26.Bc3 Qe4 27.Qd2 Ng6 28.Re1 Qf5 29.g3 Re4
30.Rxe4 Qxe4 31.Bb2 f6 32.h4 Ne7 33.Bd4 Qxd5 34.Qe3 Nc6 35.Qe8+ Kh7 36.Bc3 Ne5
37.Bxe5 Qxe5 38.Qf7 d5 39.h5 Qe1+ 40.Kg2 Qe4+ 41.f3 Qe2+ 42.Kh3 Qe5 43.g4 d4
44.Kg2 Qe2+ 45.Kg3 d3 46.Qd7 Qc2 47.Qf5+ Kh8 48.Qe4 Qc7+ 49.Kf2 Qc2+ 50.Kf1 Qc1+  1/2-1/2

[Event "BL2-S9394"]
[Site "Germany"]
[Date "1994.??.??"]
[Round "?"]
[White "Klebel, Martin"]
[Black "Wilde, Pierre"]
[Result "1-0"]
[WhiteElo "2420"]
[BlackElo "2295"]

1.d4 Nf6 2.c4 e6 3.Nf3 Bb4+ 4.Nbd2 b6 5.a3 Bxd2+ 6.Qxd2 Bb7 7.e3 O-O 8.Bd3 d6
9.O-O Nbd7 10.Qc2 e5 11.e4 exd4 12.Nxd4 Nc5 13.f3 Nxd3 14.Qxd3 Nd7 15.b4 Ne5
16.Qc3 c5 17.Nf5 cxb4 18.axb4 Rc8 19.Bb2 Rxc4 20.Qd2 f6 21.Nxd6 Rc7 22.Bxe5 fxe5
23.Rxa7 Kh8 24.Rd1 Qb8 25.Rxb7 Rxb7 26.Nxb7 Qxb7 27.Qd6 Rg8 28.Qxe5 Qc6 29.Qd6 Qb5
30.Re1 h6 31.e5  1-0

[Event "GER CupT"]
[Site "Germany"]
[Date "1994.??.??"]
[Round "2"]
[White "Jussupow, Artur"]
[Black "Wahls, Matthias"]
[Result "1-0"]
[WhiteElo "2665"]
[BlackElo "2520"]

1.d4 Nf6 2.c4 e6 3.Nf3 Bb4+ 4.Nbd2 O-O 5.a3 Be7 6.e3 b6 7.Bd3 c5 8.O-O Bb7
9.b3 d6 10.Bb2 Nbd7 11.Qe2 Qc7 12.Rac1 Rfe8 13.Ng5 Rad8 14.f4 h6 15.Ngf3 Bf8
16.Bb1 g6 17.dxc5 bxc5 18.e4 e5 19.f5 g5 20.Rc3 Nb8 21.Ne1 Nc6 22.Rg3 Nd4
23.Qd1 Bc6 24.h4 g4 25.Rxg4+ Kh7 26.Rg3 Qb7 27.Nef3 Bg7 28.Re1 Kh8 29.Ng5 Rb8
30.Ree3 a5 31.a4 Re7 32.Bc1 Qc7 33.Bd3 Qb7 34.Bb1 Qc7 35.Nh3 Qb7 36.Nf2 Rg8
37.Bd3 Ree8 38.Be2 Kh7 39.Rh3 Bh8 40.g4 Nxg4 41.Bxg4 h5 42.Reg3 hxg4 43.Nxg4 Qe7
44.Nf1  1-0

[Event "Giessen Feb-IM"]
[Site "Giessen"]
[Date "1994.??.??"]
[Round "1"]
[White "Mohandesi, Shahin"]
[Black "Lukov, Valentin"]
[Result "0-1"]
[WhiteElo "2305"]
[BlackElo "2380"]

1.d4 Nf6 2.Nf3 e6 3.c4 Bb4+ 4.Nbd2 b6 5.a3 Bxd2+ 6.Bxd2 Bb7 7.Bg5 h6 8.Bh4 d6
9.e3 Nbd7 10.h3 g5 11.Bg3 Ne4 12.Bh2 f5 13.Qc2 Qe7 14.O-O-O O-O-O 15.Ne1 Kb8
16.f3 Nef6 17.Bd3 h5 18.e4 fxe4 19.fxe4 e5 20.d5 Nc5 21.Nf3 g4 22.Nd2 c6
23.Bg1 cxd5 24.Bxc5 dxc4 25.Bxb6 axb6 26.Bxc4 Rc8 27.a4 Nxe4 28.Nxe4 d5 29.Nd2 dxc4
30.hxg4 c3 31.bxc3 Qa3+ 32.Kb1 Rxc3 33.Rh3 Rxh3 34.gxh3 Rc8 35.Qb2 Qd3+ 36.Ka1 Rc2
37.Qb4 Qd5 38.Qb3 Rxd2 39.Qxd5 Rxd5 40.Rb1 hxg4 41.hxg4 Rd4 42.Rxb6 Rxa4+
43.Kb2 Rxg4 44.Re6 e4 45.Kc3 Kc7 46.Re7+ Kb6 47.Kd4 Rg3 48.Ke5 Bc6 49.Re6 Kc5
50.Re7 Rb3  0-1

[Event "GRE-ch"]
[Site "?"]
[Date "1994.??.??"]
[Round "8"]
[White "Moutousis, Konstantinos"]
[Black "Tzoumbas, Anastasios"]
[Result "1-0"]
[WhiteElo "2425"]
[BlackElo "2290"]

1.d4 Nf6 2.Nf3 e6 3.c4 Bb4+ 4.Nbd2 b6 5.e3 Bb7 6.Be2 O-O 7.a3 Be7 8.O-O c5
9.b3 Na6 10.Bb2 Rc8 11.Rc1 d6 12.Bd3 Qd7 13.Qe2 cxd4 14.exd4 Nc7 15.Ng5 Rfd8
16.f4 h6 17.Rce1 d5 18.Ndf3 hxg5 19.Ne5 Qe8 20.fxg5 Ne4 21.Bxe4 dxe4 22.Nxf7 Qxf7
23.Rxf7 Kxf7 24.Qh5+ Kg8 25.g6 Bf6 26.Kf1 Ne8 27.d5 Rc7 28.Qh7+ Kf8 29.Bxf6 gxf6
30.Qh8+  1-0

[Event "Groningen op"]
[Site "Groningen"]
[Date "1994.??.??"]
[Round "6"]
[White "Sorin, Ariel"]
[Black "Zoler, Dan"]
[Result "1-0"]
[WhiteElo "2485"]
[BlackElo "2420"]

1.d4 Nf6 2.c4 e6 3.Nf3 Bb4+ 4.Nbd2 b6 5.e3 Bb7 6.Bd3 O-O 7.O-O Bxd2 8.Nxd2 c5
9.dxc5 bxc5 10.b3 d6 11.Bb2 Nbd7 12.Qc2 Qe7 13.Rad1 Rad8 14.Ne4 Ne8 15.Rd2 f5
16.Ng3 g6 17.f4 Ng7 18.e4 fxe4 19.Bxe4 Bxe4 20.Nxe4 Nf5 21.Qd3 Nb8 22.g4 Nd4
23.Bxd4 cxd4 24.Qxd4 d5 25.cxd5 exd5 26.Ng3 Nc6 27.Qf2 Qh4 28.Qc5 Ne7 29.Qxa7 Rf7
30.Qb6 Rc8 31.Qe6 Rc6 32.Qe2 Rcf6 33.Rd4 Rc6 34.Rb4 Qf6 35.Rb8+ Kg7 36.Qd2 Qc3
37.Qxc3+ Rxc3 38.Ne2 Rc2 39.Nd4 Rxa2 40.Ne6+ Kh6 41.Rf3 Ra1+ 42.Kg2 Ra2+
43.Kg3 Nc6 44.Rg8 Ne7 45.Rf8  1-0

[Event "HUN-chT2 9394"]
[Site "?"]
[Date "1994.??.??"]
[Round "?"]
[White "Papagorasz, Takisz"]
[Black "Mathe, Gaspar"]
[Result "1/2-1/2"]
[WhiteElo "2270"]
[BlackElo "2400"]

1.d4 Nf6 2.c4 e6 3.Nf3 Bb4+ 4.Nbd2 d5 5.e3 O-O 6.Bd3 b6 7.O-O Bb7 8.Qc2 Nbd7
9.e4 dxe4 10.Nxe4 Be7 11.Bd2 Nxe4 12.Bxe4 Bxe4 13.Qxe4 c5 14.Bc3 Bf6 15.Rfd1 Qc7
16.Rac1 Rad8 17.b4 Rfe8 18.a3 cxd4  1/2-1/2

[Event "JUG-chT"]
[Site "Igalo"]
[Date "1994.??.??"]
[Round "?"]
[White "Rajkovic, Dusan"]
[Black "Itkis, Boris"]
[Result "1/2-1/2"]
[WhiteElo "2505"]
[BlackElo "2455"]

1.d4 Nf6 2.c4 e6 3.Nf3 Bb4+ 4.Nbd2 b6 5.a3 Bxd2+ 6.Qxd2 Bb7 7.g3 c5 8.dxc5 bxc5
9.Bg2 Qb6 10.O-O a5 11.Qg5 O-O 12.Be3 d6 13.Rad1 Nbd7 14.b4 Qc7 15.b5 Nb6
16.Qh4 Ne4 17.Rc1 f5 18.Rfd1 e5 19.Ng5 Nxg5 20.Bxb7 Qxb7 21.Bxg5 Nc8 22.Qh3 h6
23.Bd2 Nb6 24.Bxh6 Qe7 25.Bd2 Qf7 26.Be1 Nxc4 27.g4 e4 28.gxf5 d5 29.f6 Rad8
30.fxg7 Qxg7+ 31.Qg3 a4 32.Rc3 Qxg3+ 33.hxg3 Kf7 34.Bd2 Ke6 35.Bf4 Rd7 36.b6 Rb7
37.Bc7 Rc8 38.f3 Nxb6 39.Bxb6 Rxb6 40.fxe4 dxe4 41.Rc4 Ke5 42.Rd7 Rb3 43.Re7+ Kd5
44.Rexe4 Rxg3+ 45.Kf2 Rxa3 46.Rxa4 Rxa4 47.Rxa4 c4 48.Ke1  1/2-1/2

[Event "JUG-chT"]
[Site "Igalo"]
[Date "1994.??.??"]
[Round "?"]
[White "Nikcevic, Nebojsa"]
[Black "Itkis, Boris"]
[Result "1/2-1/2"]
[WhiteElo "2470"]
[BlackElo "2455"]

1.d4 Nf6 2.c4 e6 3.Nf3 Bb4+ 4.Nbd2 b6 5.a3 Bxd2+ 6.Qxd2 Bb7 7.e3 O-O 8.b4 d6
9.Bb2 Nbd7 10.Be2 Ne4 11.Qc2 f5 12.O-O Qe7 13.Rad1 a5 14.d5 e5 15.Nd2 axb4
16.axb4 Nxd2 17.Rxd2 Qh4 18.f4 Rae8 19.Bd3 e4 20.Be2 Ra8 21.g3 Qh3 22.Rf2 Nf6
23.Bf1 Qh5 24.h3 Kh8 25.Qc3 Qf7 26.Rg2 Bc8 27.Be2 h5 28.Qc1 Bd7 29.Qd1 Kh7
30.Bf1 Ba4 31.Qc1 Bd7 32.Bd4 Ra4 33.b5 Rfa8 34.Bb2 Kg8 35.Be2 Kf8 36.Bd1 R4a7
37.Bd4 Ra3 38.Qb1 Qg6 39.Kh2 Ke7 40.Qb4 Qh6 41.Bb3 R3a7 42.Kg1 Qg6 43.Bb2 Rh8
44.Bd1 Qh6 45.Rh2 Qg6 46.Rdg2 Qf7 47.Qc3 Qg6  1/2-1/2

[Event "IND-ch"]
[Site "?"]
[Date "1994.??.??"]
[Round "6"]
[White "Prakash, G B."]
[Black "Mithrakanth, Poorna Sharma"]
[Result "1-0"]
[WhiteElo "2385"]
[BlackElo "2370"]

1.d4 Nf6 2.c4 e6 3.Nf3 Bb4+ 4.Nbd2 d5 5.g3 O-O 6.Bg2 dxc4 7.O-O c3 8.Nc4 cxb2
9.Bxb2 b5 10.Ne3 Bb7 11.Qb3 Bd6 12.Qxb5 Ba6 13.Qb3 Bxe2 14.Rfe1 Ba6 15.Ne5 c6
16.N3c4 Bxe5 17.Nxe5 Qb6 18.Ba3 Qxb3 19.axb3 Re8 20.Bd6 Bb5 21.Bxb8 Raxb8
22.Rxa7 Rf8 23.Rc1 Be2 24.Re1 Bh5 25.Ra3 Ra8 26.Rea1 Rxa3 27.Rxa3 Rc8 28.Bxc6 Kf8
29.b4 Be2 30.Ra7 Rd8 31.Rxf7+ Kg8 32.Ra7 h6 33.Ra8 Rxa8 34.Bxa8 Nd5 35.Bxd5 exd5
36.f3 Kf8 37.Kf2 Bb5 38.Ke3 g5 39.h4 Kg7 40.hxg5 hxg5 41.f4 Kf6 42.fxg5+ Kxg5
43.Nf7+ Kf6 44.Nd6 Bd7 45.Kf4 Ke6 46.Nf5 Kf6 47.g4 Bb5 48.g5+ Ke6 49.g6 Kf6
50.g7  1-0

[Event "IND-ch"]
[Site "?"]
[Date "1994.??.??"]
[Round "10"]
[White "Ravi, Lanka"]
[Black "Mithrakanth, Poorna Sharma"]
[Result "0-1"]
[WhiteElo "2425"]
[BlackElo "2370"]

1.d4 Nf6 2.c4 e6 3.Nf3 Bb4+ 4.Nbd2 d5 5.Qa4+ Nc6 6.a3 Be7 7.Ne5 Bd7 8.Nxd7 Qxd7
9.e3 O-O 10.Be2 dxc4 11.Nxc4 a6 12.Qc2 b5 13.Ne5 Nxe5 14.dxe5 Nd5 15.O-O c5
16.e4 Nb6 17.Bf4 Rfd8 18.b3 Rac8 19.Be3 Qc7 20.a4 c4 21.axb5 axb5 22.bxc4 bxc4
23.Rfb1 Bc5 24.Qc3 h6 25.Ra5 Bxe3 26.fxe3 Ra8 27.Rab5 Na4 28.Qb4 c3 29.Rc1 Rd2
30.Rb7 Qc5 31.Qxc5 Nxc5 32.Rb5 Rxe2 33.Rxc5 Raa2 34.R5xc3 Rxg2+ 35.Kh1 Rxh2+
36.Kg1 h5 37.Rc8+ Kh7 38.R1c7 Kg6 39.Rf8 Rag2+ 40.Kf1 Rf2+ 41.Ke1 h4 42.Re8 Rfg2
43.Kf1 h3  0-1

[Event "Iraklio Schev"]
[Site "Iraklio"]
[Date "1994.??.??"]
[Round "8"]
[White "Grivas, Efstratios"]
[Black "Mastrokoukos, Georgios"]
[Result "1/2-1/2"]
[WhiteElo "2475"]
[BlackElo "2435"]

1.d4 Nf6 2.c4 e6 3.Nf3 Bb4+ 4.Nbd2 d5 5.a3 Be7 6.g3 O-O 7.Bg2 Nbd7 8.b4 a5
9.b5 c5 10.bxc6 bxc6 11.O-O Ba6 12.Qc2 Rc8 13.Bb2 c5 14.Rfc1 cxd4 15.Nxd4 Nb6
16.Qd1 Nxc4 17.Nxc4 Bxc4 18.Qa4 Bc5 19.e3 Bb6 20.Nc6 Qe8 21.Rxc4 dxc4 22.Qxc4 Nd5
23.Bxd5 exd5 24.Qg4 f6 25.Qxc8  1/2-1/2

[Event "Jakarta"]
[Site "Jakarta"]
[Date "1994.??.??"]
[Round "4"]
[White "Adianto, Utut"]
[Black "Antonio, Rogelio Jr"]
[Result "1/2-1/2"]
[WhiteElo "2535"]
[BlackElo "2505"]

1.d4 Nf6 2.c4 e6 3.Nf3 Bb4+ 4.Nbd2 c5 5.a3 Bxd2+ 6.Bxd2 b6 7.Bg5 Bb7 8.e3 O-O
9.Be2 d6 10.O-O h6 11.Bh4 Qe7 12.b4 Nbd7 13.Qb3 g5 14.Bg3 Ne4 15.bxc5 dxc5
16.Rad1 cxd4 17.exd4 f5 18.Ne5 Nxg3 19.Qxg3 Nxe5 20.dxe5 Rac8 21.Rd6 Rc5
22.Rfd1 Rfc8  1/2-1/2

[Event "Heart of Finland op 4th"]
[Site "Jyvaskyla"]
[Date "1994.??.??"]
[Round "?"]
[White "Issakainen, Ari"]
[Black "Mednis, Edmar John"]
[Result "0-1"]
[WhiteElo "2260"]
[BlackElo "2420"]

1.d4 Nf6 2.c4 e6 3.Nf3 Bb4+ 4.Nbd2 b6 5.a3 Bxd2+ 6.Bxd2 Bb7 7.Bg5 h6 8.Bh4 d6
9.e3 Nbd7 10.Qc2 Qe7 11.Rd1 g5 12.Bg3 h5 13.h4 Ne4 14.Nxg5 Nxg3 15.fxg3 O-O-O
16.Bd3 f6 17.Ne4 Rhg8 18.O-O d5 19.cxd5 exd5 20.Rc1 c6 21.Nc3 Qxe3+ 22.Rf2 Rxg3
23.Bf1 Qe6 24.Ne2 Rg4 25.Nf4 Qd6 26.Qf5 Rxh4 27.Re1 Rg4 28.Re6 Qf8 29.Ng6 Qg7
30.Ne7+ Kb8 31.Nxc6+ Bxc6 32.Rxc6 Rxd4 33.Ba6 Qg4 34.Qxg4 hxg4 35.b4 g3 36.Rf1 Ne5
37.Rcxf6 Rd2 38.Re6 Ng4 39.Re7 Nf2 40.Rc1 Rh8 41.Rh7 Rd1+  0-1

[Event "JUG-ch sf"]
[Site "Kladovo"]
[Date "1994.??.??"]
[Round "?"]
[White "Nestorovic, Dejan"]
[Black "Pavlovic, Dragoljub"]
[Result "0-1"]
[WhiteElo "2365"]
[BlackElo "2335"]

1.d4 Nf6 2.c4 e6 3.Nf3 Bb4+ 4.Nbd2 b6 5.a3 Bxd2+ 6.Qxd2 Bb7 7.e3 d6 8.b4 Nbd7
9.Bb2 O-O 10.Qc2 Ne4 11.Bd3 f5 12.d5 exd5 13.Nd4 Qe7 14.f3 c5 15.Ne2 dxc4
16.Bxc4+ d5 17.fxe4 dxc4 18.Qxc4+ Kh8 19.exf5 Rxf5 20.Rd1 Ne5 21.Qc2 Rf7
22.Nf4 Ng4  0-1

[Event "Kopavogur"]
[Site "Kopavogur"]
[Date "1994.??.??"]
[Round "?"]
[White "Karason, Askell O"]
[Black "Halldorsson, Gudmundur"]
[Result "1/2-1/2"]
[WhiteElo "2225"]
[BlackElo "2260"]

1.Nf3 Nf6 2.c4 e6 3.d4 Bb4+ 4.Nbd2 O-O 5.a3 Bxd2+ 6.Bxd2 d6 7.Bg5 h6 8.Bh4 Nc6
9.e3 e5 10.Be2 Qe7 11.O-O a5  1/2-1/2

[Event "Kopavogur"]
[Site "Kopavogur"]
[Date "1994.??.??"]
[Round "?"]
[White "Kristensen, Bjarke"]
[Black "Karason, Askell O"]
[Result "1/2-1/2"]
[WhiteElo "2465"]
[BlackElo "2225"]

1.d4 Nf6 2.c4 e6 3.Nf3 Bb4+ 4.Nbd2 b6 5.a3 Bxd2+ 6.Bxd2 Bb7 7.Bf4 d6 8.h3 Nbd7
9.e3 Qe7 10.Be2 e5 11.Bh2 O-O 12.O-O Ne4 13.Rc1 a5 14.c5 dxc5 15.dxe5 Ng5
16.Nxg5 Qxg5 17.Bf3 Bxf3 18.Qxf3 Qe7 19.Qe4 Rae8 20.f4 f6 21.Rfd1 fxe5 22.Qc6 Nb8
23.Qb7 Rf7 24.fxe5 Qe6 25.b4 axb4 26.axb4 Qc6 27.Qxc6 Nxc6 28.bxc5 b5 29.Rb1 b4
30.Bg3 Rfe7 31.e6 Rxe6 32.Bxc7 Rxe3 33.Kh2 Rc3 34.Bd6 b3 35.Rf1 h6 36.Rb2 Nd4
37.Rf4 Rd3 38.Rf1 Nb5 39.Rfb1 Nxd6 40.cxd6 Rd8 41.Rxb3  1/2-1/2